000 00839nam a2200265 a 4500
001 34749
003 BD-RjUL
005 20211209052215.0
008 140519s2006 cau b 001 0 eng
020 _a1412904234 (cloth)
035 _a(BD-RjUL)34843
040 _aDLC
_cDLC
_dDLC
_dBD-RjUL
_beng
041 _aeng
082 0 0 _a305.3014
_222
_bSAG 2006
245 0 4 _aThe SAGE handbook of gender and communication /
_ceditors, Bonnie J. Dow, Julia T. Wood.
260 _aThousand Oaks, Calif. :
_bSage Publications,
_cc2006.
300 _axxiv, 479 p. ;
_c26 cm.
504 _aIncludes bibliographical references and indexes.
650 0 _aCommunication
_xSex differences.
_9105738
700 1 _aDow, Bonnie J.
_9105739
700 1 _aWood, Julia T.
_9105740
942 _2ddc
_cBK
999 _c34749
_d34749